00243nam a2200097Ia 4500008004100000245002000041260000900061300003100070440002400101650002000125180117s9999 xx 000 0 und d aLost in Malolos c2017 a6-9 pages, 2017 February 5 aPhilippine Panorama aLOST IN MALOLOS